000 00563nam a2200217Ia 4500
005 20241129120327.0
008 241129s9999||||xx |||||||||||||| ||und||
020 _a9788126726110
037 _aTB
040 _aSDCL
_beng
_cSDCL
041 _ahin
_2hin
084 _aY73.2'P Q4
_qSDCL
100 _aJoshi Ramsharan
245 0 _aBhartiya Diashpohora : Vividh Aayam
260 _aDelhi
_bRajkamal prakashan India
_c2014
300 _a195p
365 _aINR
_b350
650 _aHindi
942 _cTB
_hY73.2'P Q4
999 _c1234359
_d1234359